Generación y transferencia tecnológica privada en el sector agrícola de Costa Rica: el caso de los agroquímicos /

Sparad:
Bibliografiska uppgifter
Huvudupphovsman: Aguilar Fong, Justo
Institutionell upphovsman: CONICIT
Övriga upphovsmän: Vargas, Francisco Ballestero, Maureen Jiménez, Ana Lorena
Materialtyp: Text
Publicerad: San José
Taggar: Lägg till en tagg
Inga taggar, Lägg till första taggen!

MARC

LEADER 00000 a a2200000 04500
001 21520
003
040
090 |a 095100  
100 |a Aguilar Fong, Justo  
110 |a CONICIT  
245 |a Generación y transferencia tecnológica privada en el sector agrícola de Costa Rica: el caso de los agroquímicos /  |c Justo Aguilar Fong 
260 |a San José  
300 |a p. irreg  
700 |a Vargas, Francisco   |a Ballestero, Maureen   |a Jiménez, Ana Lorena  
999 |c 15191  |d 15191